[Event "EU-ch 4th"]
[Site "Istanbul"]
[Date "2003.06.11"]
[Round "11"]
[White "Nisipeanu, Liviu Dieter"]
[Black "Volokitin, Andrei"]
[Result "1-0"]
[WhiteElo "2606"]
[BlackElo "2572"]
[Annotator "Hecht,Hans Joachim"]
[PlyCount "81"]
[EventDate "2003.05.30"]
[EventType "swiss"]
[EventRounds "13"]
[EventCountry "TUR"]
[SourceTitle "CBM 096"]
[Source "ChessBase"]
[SourceDate "2003.09.25"]
[SourceVersion "1"]
[SourceVersionDate "2003.09.25"]
[SourceQuality "1"]

1. e4 c5 2. d3 Nc6 3. g3 g6 4. Bg2 Bg7 5. Nf3 Nf6 6. O-O d5 7. Nbd2 O-O 8. c3 e5 9. exd5 Nxd5 10. Re1 h6 11. Qa4 ({RR} 11. Qb3 Nb6 12. Ne4 Be6 13. c4 Nd7 14. Be3 b6 15. Qa4 Qc7 16. Nc3 Rad8 17. Nb5 Qb7 18. Bd2 a6 19. Nc3 Rc8 20. a3 Rfd8 21. b4 b5 22. cxb5 axb5 23. Qxb5 Qxb5 24. Nxb5 cxb4 25. axb4 e4 {Amin,B (2707)-Inarkiev,E (2693) Danzhou 2019 0-1 (54)}) ({RR} 11. a4 b6 12. Nc4 Re8 13. Bd2 Kh7 14. Qc1 Bf5 15. Bf1 Nc7 16. Qc2 Qd7 17. Ne3 Be6 18. Rad1 Rad8 19. Bc1 f5 20. Bg2 Na5 21. Qe2 Qxa4 22. h4 f4 23. Nf1 Bf5 24. gxf4 exf4 25. Qd2 Rxd3 {Swiatlowski,L (2199)-Ismagilov,D (2143) chess.com INT 2024 0-1}) 11... Qc7 $146 ({RR} 11... Nde7 12. Nc4 Bd7 13. Qb3 Qc7 14. d4 cxd4 15. cxd4 Be6 16. Qa4 exd4 17. Bf4 Qd7 18. Rad1 Nd5 19. Bd2 Rfe8 20. Qa3 Bf8 21. Qb3 Qc7 22. Rc1 Nb6 23. Bf1 Bd5 24. Qd1 Rxe1 25. Bxe1 Rd8 26. Na5 {Klenburg,M (2406)-Nikolic,P (2626) Leiden 2007 0-1 (34)}) 12. Qc4 Be6 13. Qxc5 Rfd8 14. Qa3 b5 15. Ne4 Bf8 16. Nc5 Bf5 17. d4 exd4 18. Nxd4 Qb6 19. b4 Ndxb4 20. cxb4 Nxd4 21. Bb2 Rac8 22. Rac1 a5 23. Qe3 Bg7 24. bxa5 Qxa5 25. Nb7 Qxa2 26. Rxc8 Bxc8 27. Nxd8 Qxb2 28. Bd5 Kh7 29. Bxf7 Qb4 30. Rc1 Bd7 31. Ne6 Bxe6 32. Bxe6 Qd6 33. Ba2 Qd7 34. Qe4 b4 35. Rd1 Qa4 36. Rxd4 Bxd4 { Schwarz kann nicht gleichzeitig d4 und g6 decken. Kleines Mattfinale.} 37. Bb1 $1 {[%csl Rd4,Rg6,Rh7]} Qd1+ ({Der einzige Weg, um das Matt zu vermeiden, führt zu einer anderen Verlustart} 37... Qa7 38. Qxg6+ Kh8 39. Qxh6+ Kg8 40. Bf5 $1 Bxf2+ (40... Qg7 41. Be6+ Kf8 42. Qxg7+ Kxg7 43. Kg2 $18) 41. Kg2 Qg7 42. Be6+ Kf8 43. Qxg7+ Kxg7 44. Kxf2 $18) 38. Kg2 Bg7 39. Qxg6+ Kg8 40. Qe6+ $1 (40. Qe8+ $144 Bf8 41. Qe6+ Kh8 42. Ba2) 40... Kf8 41. Bg6 {Die ungleichen Läufer als altbekannte Angriffswaffe.} 1-0

[Event "EU-ch 4th"]
[Site "Istanbul"]
[Date "2003.06.13"]
[Round "13"]
[White "Nevednichy, Vladislav"]
[Black "Gdanski, Jacek"]
[Result "1-0"]
[WhiteElo "2569"]
[BlackElo "2506"]
[PlyCount "38"]
[EventDate "2003.05.30"]
[EventType "swiss"]
[EventRounds "13"]
[EventCountry "TUR"]
[SourceTitle "CBM 096"]
[Source "ChessBase"]
[SourceDate "2003.09.25"]
[SourceVersion "1"]
[SourceVersionDate "2003.09.25"]
[SourceQuality "1"]

1. e4 e6 2. d3 c5 3. Nf3 Nc6 4. g3 g6 5. Bg2 Bg7 6. O-O Nge7 7. Re1 d6 8. c3 O-O 9. d4 cxd4 10. cxd4 Qb6 11. d5 Nd4 12. Nc3 exd5 13. Bg5 Nxf3+ 14. Bxf3 Nc6 $146 ({RR} 14... Qxb2 15. Bxe7 Bxc3 16. Rb1 Qa3 17. Re3 d4 18. Qxd4 Bxd4 19. Rxa3 Bc5 20. Rd3 Re8 21. Bxd6 Bxd6 22. Rxd6 b6 23. e5 Bf5 24. Rb5 Rac8 25. Kg2 Kf8 26. a4 Rc3 27. Rbd5 Bc8 28. Rb5 Ba6 29. Rb2 {Bitman,A (2250)-Tregubov,P (2525) Smolensk 1997 0-1 (37)}) 15. Nxd5 Qxb2 16. Rb1 Qxa2 17. h4 Be6 18. Nf6+ Kh8 19. Qxd6 Nd4 1-0

[Event "Golden Cleopatra op 7th"]
[Site "Cairo"]
[Date "2003.06.05"]
[Round "5"]
[White "Kengis, Edvins"]
[Black "Vysochin, Spartak"]
[Result "1-0"]
[WhiteElo "2581"]
[BlackElo "2551"]
[PlyCount "59"]
[EventDate "2003.06.03"]
[EventType "swiss"]
[EventRounds "10"]
[EventCountry "EGY"]
[SourceTitle "CBM 094 Extra"]
[Source "ChessBase"]
[SourceDate "2003.07.09"]
[SourceVersion "2"]
[SourceVersionDate "2003.07.09"]
[SourceQuality "1"]

1. Nf3 d5 2. g3 Nf6 3. Bg2 c6 4. O-O Bf5 5. d3 h6 6. c4 dxc4 7. Ne5 Be6 8. Nxc4 Bxc4 9. dxc4 Qxd1 10. Rxd1 e6 11. Nc3 Nbd7 12. Rb1 $146 ({RR} 12. Bf4 O-O-O 13. a3 g5 14. Bd2 Be7 15. Na4 Nb6 16. Nxb6+ axb6 17. Bc3 Rxd1+ 18. Rxd1 Rd8 19. Rxd8+ Bxd8 20. f4 gxf4 21. gxf4 Ng4 22. Bf3 Ne3 23. b3 Bc7 24. Be5 Bxe5 25. fxe5 Kd7 26. Kf2 Nf5 {Dizdar,G (2480)-Pieper Emden,C (2405) Germany 1990 1-0 (48)}) 12... a5 13. Na4 Be7 14. h3 Nc5 15. b3 O-O 16. Be3 Nfd7 17. Rd2 Rfd8 18. Rbd1 Nxa4 19. Rxd7 Nc3 20. R1d2 Bf6 21. Rxb7 Rxd2 22. Bxd2 Rd8 23. Bxc3 Bxc3 24. Bxc6 Rd2 25. Bf3 Bb4 26. a4 Rb2 27. h4 Rxb3 28. c5 Rc3 29. c6 g6 30. Rd7 1-0

[Event "Canadian op"]
[Site "Kapuskasing"]
[Date "2003.07.18"]
[Round "8"]
[White "Arencibia Rodriguez, Walter"]
[Black "Kudrin, Sergey"]
[Result "1-0"]
[WhiteElo "2522"]
[BlackElo "2538"]
[PlyCount "79"]
[EventDate "2003.07.12"]
[EventType "swiss"]
[EventRounds "10"]
[EventCountry "CAN"]
[SourceTitle "CBM 095 Extra"]
[Source "ChessBase"]
[SourceDate "2003.09.04"]
[SourceVersion "1"]
[SourceVersionDate "2003.09.04"]
[SourceQuality "1"]

1. Nf3 c5 2. b3 b6 3. g3 Bb7 ({RR} 3... g6 4. Bb2 Nf6 5. e4 d6 6. e5 dxe5 7. Nxe5 Nbd7 8. Qf3 Rb8 9. Nc6 Bb7 10. Bxf6 Bxc6 11. Qxc6 exf6 12. Bb5 Rc8 13. Qd5 Be7 14. Nc3 Rc7 15. Ba6 Nb8 16. Bb5+ Kf8 17. O-O Kg7 18. Rfe1 {Andreikin,D (2712)-Dubov,D (2701) Moscow 2018 ½-½ (36)}) 4. Bg2 e5 ({RR} 4... Qc7 5. Bb2 Nf6 6. c4 e6 7. O-O Be7 8. Nc3 a6 9. Re1 d6 10. e4 Nbd7 11. d4 cxd4 12. Nxd4 Rc8 13. Qd2 O-O 14. h3 h5 15. Re2 Qb8 16. Rae1 Bd8 17. f4 b5 18. cxb5 axb5 19. Ndxb5 {Omelja,A (2415)-Herrera Reyes,J (2328) Brena Baja ESP 2025 1-0 (47)}) 5. O-O d6 6. e3 $146 ({RR} 6. c4 g6 7. Nc3 Bg7 8. Rb1 Ne7 9. d3 O-O 10. b4 cxb4 11. Rxb4 d5 12. Nd2 e4 13. Nxd5 Nxd5 14. cxd5 exd3 15. e4 f5 16. Ba3 Nd7 17. Rb3 Rf7 18. Nc4 fxe4 19. Nd6 Bxd5 20. Rxd3 exd3 {Praggnanandhaa,R (2740)-Idani,P (2602) Samarkand UZB 2023 1-0}) ({RR} 6. c4 g6 7. Nc3 Bg7 8. Rb1 Ne7 9. d3 O-O 10. b4 cxb4 11. Rxb4 d5 12. Nd2 e4 13. Nxd5 Nxd5 14. cxd5 exd3 15. e4 f5 16. Ba3 Nd7 17. Rb3 Rf7 18. Nc4 fxe4 19. Nd6 Bxd5 20. Rxd3 exd3 {Praggnanandhaa,R (2740)-Idani,P (2602) Samarkand UZB 2023 1-0}) 6... e4 7. Ne1 Nf6 8. d3 d5 9. Bb2 Be7 10. c4 dxc4 11. bxc4 Qd7 12. Nc3 exd3 13. Bxb7 Qxb7 14. Nxd3 O-O 15. Nf4 Nbd7 16. Qe2 Bd6 17. Rad1 Be5 18. Nfd5 Rfe8 19. Nb5 a6 20. Nd6 Bxd6 21. Nxf6+ Nxf6 22. Rxd6 Ne4 23. Rd5 Qc6 24. Rfd1 Qg6 25. Kg2 h6 26. h4 b5 27. Be5 b4 28. Qf3 Rac8 29. h5 Qh7 30. g4 a5 31. Qf5 Qxf5 32. gxf5 a4 33. Kf3 Rxe5 34. Rxe5 Nc3 35. Rd7 Nxa2 36. Ree7 Rf8 37. Ra7 Nc3 38. Reb7 a3 39. e4 Re8 40. Ra5 1-0

[Event "Malmo Masters 1st"]
[Site "Malmo"]
[Date "2003.08.04"]
[Round "7"]
[White "Speelman, Jonathan S"]
[Black "Brynell, Stellan"]
[Result "1-0"]
[WhiteElo "2589"]
[BlackElo "2511"]
[PlyCount "67"]
[EventDate "2003.07.28"]
[EventType "tourn"]
[EventRounds "9"]
[EventCountry "SWE"]
[EventCategory "9"]
[SourceTitle "CBM 097"]
[Source "ChessBase"]
[SourceDate "2003.11.11"]
[SourceVersion "1"]
[SourceVersionDate "2003.11.11"]
[SourceQuality "1"]

1. Nf3 d5 2. c4 d4 3. g3 Nc6 4. d3 e5 5. Bg2 Nf6 6. O-O Nd7 7. Na3 Be7 8. Nc2 a5 9. b3 O-O 10. a3 ({RR} 10. Rb1 Nc5 11. Ba3 Re8 12. Nd2 Bg4 13. f4 Qd7 14. fxe5 Nxe5 15. Bxc5 Bxc5 16. Ne4 Bf8 17. Qd2 c6 18. Rf2 h6 19. Rff1 Be7 20. Qe1 f5 21. Nf2 Bh5 22. Nh3 {½-½ (22) Espig,L (2402)-Brynell,S (2494) Germany 2000}) 10... Nc5 11. Nd2 Bf5 12. Rb1 Qd7 $146 ({RR} 12... Qc8 13. Ne4 Nxe4 14. Bxe4 Bxe4 15. dxe4 f5 16. Qd3 Qe6 17. exf5 Rxf5 18. Qe4 Raf8 19. Ne1 a4 20. Qd5 Qxd5 21. cxd5 Na5 22. bxa4 b6 23. Nd3 Nc4 24. a5 bxa5 25. a4 Bd6 26. Rb5 h6 27. Nb2 {Orr,M (2260)-Short,N (2677) Bunratty 2012 0-1 (37)}) 13. Bb2 Bh3 14. b4 axb4 15. axb4 Bxg2 16. Kxg2 Ne6 17. Nf3 Ng5 18. b5 Qh3+ 19. Kg1 Nxf3+ 20. exf3 Nb8 21. Re1 Bd6 22. c5 Bxc5 23. Rxe5 Nd7 24. Re4 Nf6 25. Rh4 Qd7 26. Bxd4 Bxd4 27. Rxd4 Qe7 28. Ne3 Rfd8 29. Rc4 Ra3 30. Qc2 Rd7 31. Rc1 c6 32. bxc6 bxc6 33. Rxc6 Rdxd3 34. Nc4 1-0

[Event "Lippstadt 11th"]
[Site "Lippstadt"]
[Date "2003.08.07"]
[Round "1"]
[White "Maiwald, Jens Uwe"]
[Black "Jenni, Florian"]
[Result "1-0"]
[WhiteElo "2517"]
[BlackElo "2508"]
[PlyCount "101"]
[EventDate "2003.08.07"]
[EventType "tourn"]
[EventRounds "11"]
[EventCountry "GER"]
[EventCategory "9"]
[SourceTitle "CBM 097"]
[Source "ChessBase"]
[SourceDate "2003.11.11"]
[SourceVersion "1"]
[SourceVersionDate "2003.11.11"]
[SourceQuality "1"]

1. g3 e5 2. Bg2 d5 3. d3 Nc6 4. Nf3 Be6 5. c3 ({RR} 5. a3 Qd7 6. b4 f6 7. Nbd2 Bh3 8. O-O h5 9. e4 d4 10. Ne1 h4 11. Bxh3 Qxh3 12. g4 g6 13. Kh1 f5 14. Rg1 Bh6 15. gxf5 Bxd2 16. Bxd2 gxf5 17. b5 Nce7 18. Qf3 Qxf3+ 19. Nxf3 fxe4 {Beim,V (2555)-Jenni,F (2483) Germany 2002 0-1 (68)}) 5... Qd7 ({RR} 5... h6 6. Nbd2 f5 7. e4 Qf6 8. O-O dxe4 9. dxe4 f4 10. gxf4 Qxf4 11. b4 Qf6 12. Qa4 Bd6 13. b5 Nd8 14. b6+ c6 15. Qxa7 Rc8 16. Qa4 Bc5 17. Rb1 Ne7 18. Nb3 Bxb6 19. Nbd4 Bc5 20. Nxe6 {Indjic,A (2604)-Pijpers,A (2465) Porto Carras 2018 ½-½ (41)}) ({RR} 5... h6 6. Nbd2 Qd7 7. b4 Bd6 8. Rb1 Nf6 9. Bb2 e4 10. Ng1 exd3 11. exd3 O-O 12. Ne2 Ne5 13. Nb3 Bf5 14. Nbc1 Bg4 15. O-O Nf3+ 16. Kh1 Qf5 17. Nd4 Nxd4 18. f3 Qh5 19. Kg1 Nxf3+ 20. Bxf3 {Seyilhanova,G (1939)-Mihelic,V (2115) Petrovac MNE 2025 0-1 (40)}) 6. b4 f6 7. Nbd2 Bd6 $146 ({RR} 7... g5 8. Qa4 Nd8 9. Qxd7+ Kxd7 10. e4 c6 11. Nb3 dxe4 12. dxe4 Kc7 13. Be3 g4 14. Nfd2 Bh6 15. Bxh6 Nxh6 16. h3 gxh3 17. Bxh3 Bxh3 18. Rxh3 Nhf7 19. Rh5 Ne6 20. Rf5 Kd7 21. Rxf6 Ke7 22. Rf5 {Tischbierek,R (2519)-Bentivegna,F (2176) Assisi 2003 1-0 (54)}) ({RR} 7... g5 8. Nb3 b6 9. h4 g4 10. Nfd2 f5 11. Bb2 Bg7 12. Qc2 Nh6 13. O-O-O O-O 14. a3 a5 15. bxa5 Nxa5 16. Nxa5 Rxa5 17. Nb3 Ra4 18. d4 e4 19. e3 Rfa8 20. Kd2 Nf7 21. Ra1 Nd6 22. Bf1 {Cornil,E (1999)-Hautot,S (2360) Charleroi 2015 0-1 (34)}) 8. O-O Bh3 9. e4 dxe4 10. dxe4 Be6 11. Qe2 a5 12. b5 Na7 13. a4 Nc8 14. Nc4 Nb6 15. Ne3 Qf7 16. Nd2 Bc5 17. Nd5 Nxd5 18. exd5 Bxd5 19. Bxd5 Qxd5 20. Ne4 Be7 21. Rd1 Qe6 22. b6 f5 23. Ng5 Bxg5 24. Bxg5 c6 25. Bf4 Nf6 26. Qxe5 Qxe5 27. Bxe5 Rd8 28. Rxd8+ Kxd8 29. Rd1+ Ke7 30. Bxf6+ gxf6 31. Kg2 Rg8 32. h3 h5 33. Rd4 Ke6 34. c4 Rg7 35. Kf3 Ke5 36. Rd8 f4 37. gxf4+ Ke6 38. c5 Rd7 39. f5+ Ke7 40. Rh8 Rd5 41. Rh7+ Kd8 42. Rxb7 Rxf5+ 43. Kg2 Rg5+ 44. Kh2 Rf5 45. Ra7 Kc8 46. Rc7+ Kb8 47. Rxc6 Rxf2+ 48. Kg3 Rf5 49. Rc7 Rd5 50. Kf4 Re5 51. h4 1-0

[Event "American Continental 02nd"]
[Site "Buenos Aires"]
[Date "2003.08.28"]
[Round "10"]
[White "Vescovi, Giovanni P"]
[Black "Gulko, Boris F"]
[Result "1-0"]
[WhiteElo "2618"]
[BlackElo "2583"]
[PlyCount "57"]
[EventDate "2003.08.17"]
[EventType "swiss"]
[EventRounds "11"]
[EventCountry "ARG"]
[SourceTitle "CBM 097"]
[Source "ChessBase"]
[SourceDate "2003.11.11"]
[SourceVersion "1"]
[SourceVersionDate "2003.11.11"]
[SourceQuality "1"]

1. e4 c5 2. Nf3 e6 3. d3 Nc6 4. g3 d5 5. Qe2 Nge7 6. Bg2 g6 7. O-O Bg7 8. c3 h6 9. h4 O-O 10. e5 ({RR} 10. a4 e5 11. exd5 {½-½ (11) Sjugirov,S (2663)-Timofeev,A (2586) Sochi 2021}) 10... f6 ({RR} 10... b5 11. Bf4 a5 12. Nbd2 a4 13. a3 Ba6 14. Rfe1 Ra7 15. Nh2 b4 16. axb4 cxb4 17. Ng4 Nf5 18. Rxa4 bxc3 19. bxc3 Bxd3 20. Qd1 Rxa4 21. Qxa4 Qa8 22. Qxa8 Rxa8 23. c4 Ncd4 24. cxd5 Ne2+ 25. Kh2 {Ibarra Jerez,J (2559)-Yagupov,I (2290) chess.com INT 2024 0-1 (55)}) 11. exf6 Rxf6 12. Be3 $146 ({RR} 12. Re1 Qc7 13. Na3 Rf7 14. Be3 e5 15. Nh2 b6 16. Rac1 Bf5 17. b4 cxb4 18. cxb4 Qd6 19. Nb5 Qd7 20. g4 Be6 21. a4 Raf8 22. Rf1 a6 23. Nc7 Qxc7 24. b5 e4 25. dxe4 d4 26. Bd2 Be5 {Britton,R (2255)-Merry,A (2438) Newcastle on Tyne 2018 0-1 (42)}) ({RR} 12. Bf4 Nf5 13. Be5 Nxe5 14. Nxe5 Qd6 15. Re1 Bd7 16. Nd2 Raf8 17. Ndf3 Bc8 18. Ng4 R6f7 19. Nfe5 Bxe5 20. Nxe5 Rg7 21. h5 gxh5 22. Qxh5 Rg5 23. Qh3 Nxg3 24. Qxh6 Rff5 25. fxg3 Rxe5 26. Rf1 Qe7 {Rodriguez Vila,A (2481)-Mekhitarian,K (2487) Santos 2011 ½-½ (80)}) 12... Qd6 13. d4 b6 14. Na3 a6 15. Rad1 Bd7 16. dxc5 bxc5 17. Nd2 Qb8 18. Ne4 Rf7 19. Nxc5 Bc8 20. Rfe1 Qd6 21. Na4 Rb8 22. Nc4 Qc7 23. Bb6 Qb7 24. Nd6 Qd7 25. Nxc8 Nxc8 26. Qxe6 Nxb6 27. Nxb6 Qa7 28. Bxd5 Nd8 29. Qxg6 1-0

[Event "Berkel op-A"]
[Site "Berkel"]
[Date "2003.09.13"]
[Round "2"]
[White "Gutman, Lev"]
[Black "Rudolph, Johannes"]
[Result "1-0"]
[WhiteElo "2501"]
[BlackElo "2536"]
[PlyCount "117"]
[EventDate "2003.09.13"]
[EventType "swiss"]
[EventRounds "7"]
[EventCountry "GER"]
[SourceTitle "EXT 2005"]
[Source "ChessBase"]
[SourceDate "2004.11.15"]
[SourceVersion "1"]
[SourceVersionDate "2004.11.15"]
[SourceQuality "1"]

1. Nf3 d5 2. g3 c6 3. Bg2 Nf6 4. O-O Bf5 5. d3 e6 6. a4 ({RR} 6. Be3 Nbd7 7. c4 Bd6 8. cxd5 exd5 9. Qb3 Qb8 10. Nc3 O-O 11. Bd4 Re8 12. Rae1 h6 13. Nh4 Be6 14. f4 Bc5 15. Bxc5 Nxc5 16. Qa3 Qd6 17. Na4 b6 18. Nxc5 Qxc5+ 19. Qxc5 bxc5 20. b3 a5 {Benjamin,J (2610)-Van der Sterren,P (2605) Amsterdam 1994 ½-½ (44)}) ({RR} 6. c3 h6 7. Qb3 Qc8 8. c4 Na6 9. Be3 Be7 10. Nc3 O-O 11. Rfe1 {½-½ (11) Gutman,L (2452)-Epishin,V (2559) Bad Woerishofen 2012}) 6... a5 7. Bd2 $146 ({RR} 7. Nbd2 Be7 8. c3 h6 9. Qb3 Qc8 10. Ne5 Nbd7 11. Ndf3 Nxe5 12. Nxe5 Nd7 13. Nxd7 Qxd7 14. e4 Bh7 15. f4 O-O 16. Be3 Rfc8 17. Rad1 b6 18. f5 Rab8 19. Rf2 b5 20. Rdf1 exf5 21. exd5 c5 {Vlajic,S (2147)-Knezevic,I (2168) Serbia 2017 ½-½ (61)}) 7... Bc5 8. c3 O-O 9. b4 axb4 10. cxb4 Be7 11. Na3 h6 12. Qb3 Nbd7 13. a5 e5 14. Qb2 e4 15. dxe4 Nxe4 16. Be3 Ndf6 17. Bb6 Qd6 18. Nc2 Qd7 19. Ne5 Qc8 20. Nd4 Bh3 21. Rac1 Bxg2 22. Kxg2 Ng5 23. Ndf3 Qh3+ 24. Kh1 Nfe4 25. Ng1 Qe6 26. Nd3 Nd6 27. Nf4 Qe4+ 28. f3 Qf5 29. Bd4 f6 30. e3 Nb5 31. g4 Qd7 32. Nge2 Bd6 33. Bb6 Rfe8 34. Ng3 Bxf4 35. exf4 Nf7 36. Nh5 Qe6 37. Qg2 Qe2 38. Qg3 d4 39. f5 Ne5 40. Nf4 Qb2 41. Ne6 Qxb4 42. f4 Nd7 43. g5 hxg5 44. fxg5 fxg5 45. Nxg7 Re3 46. Qxg5 Qe7 47. f6 Qe4+ 48. Kg1 Kh8 49. f7 Qh7 50. Nh5 Re6 51. Bd8 Qg6 52. f8=Q+ Nxf8 53. Rxf8+ Kh7 54. Rcf1 Qxg5+ 55. Bxg5 Rxf8 56. Rxf8 Re1+ 57. Kf2 Ra1 58. Nf4 Rxa5 59. Bf6 1-0

[Event "BEL-chT 0304"]
[Site "Belgium"]
[Date "2003.12.08"]
[Round "4.2"]
[White "Vaganian, Rafael A"]
[Black "Van den Doel, Erik"]
[Result "1-0"]
[WhiteElo "2623"]
[BlackElo "2609"]
[PlyCount "95"]
[EventDate "2003.10.01"]
[EventType "team"]
[EventRounds "11"]
[EventCountry "BEL"]
[SourceTitle "CBM 097 Extra"]
[Source "ChessBase"]
[SourceDate "2004.01.13"]
[SourceVersion "1"]
[SourceVersionDate "2004.01.13"]
[SourceQuality "1"]
[WhiteTeam "Rochade"]
[BlackTeam "Eynatten"]
[WhiteTeamCountry "BEL"]
[BlackTeamCountry "BEL"]

1. Nf3 d5 2. g3 Bg4 3. Bg2 Nd7 4. O-O Ngf6 5. d3 e5 6. Nbd2 c6 7. e4 dxe4 8. dxe4 Be7 9. Nc4 O-O 10. h3 Bh5 11. Qe1 Qc7 12. Nh4 Rfe8 13. Nf5 ({RR} 13. Bd2 b5 14. Ba5 Qb7 15. Ne3 Nc5 16. Nhf5 Bf8 17. f3 Bg6 18. Rd1 Qa6 19. a3 Nb7 20. Bd2 Rad8 21. Kh2 Qa4 22. Bc3 Bxf5 23. Rxd8 Nxd8 24. Nxf5 Qxc2 25. f4 exf4 26. Bxf6 gxf6 27. gxf4 Ne6 {Miroshnichenko,E (2690)-Rublevsky,S (2703) Kragujevac 2009 ½-½ (37)}) ({RR} 13. Bd2 b5 14. Ne3 Nc5 15. Nef5 Bf8 16. Ba5 Qb7 17. Qe3 b4 18. Nxg7 Kxg7 19. Qg5+ Bg6 20. Nf5+ Kg8 21. Qxf6 Na4 22. Rad1 Nxb2 23. Rb1 Re6 24. Qg5 Nc4 25. Bd8 h6 26. Qh4 Nd2 27. Bf6 Nxb1 {Ashraf,A (2314)-Terry,R (2520) chess.com INT 2023 0-1 (46)}) 13... Bf8 $146 ({RR} 13... Bc5 14. Be3 b5 15. Nd2 Rad8 16. g4 Bg6 17. Nb3 Bxe3 18. Qxe3 c5 19. Rfd1 c4 20. Nd2 Nf8 21. Nf1 Ne6 22. N1g3 Nf4 23. Qa3 Bxf5 24. exf5 h6 25. Qa6 Nxg2 26. Kxg2 Qc5 27. a4 b4 28. Qb5 {Hoge,R (1896)-Davenport,D (2076) Germany 2009 ½-½ (39)}) 14. Bd2 Nc5 15. f3 Nfd7 16. Rd1 b5 17. Ba5 Nb6 18. Nce3 Nb7 19. c4 Red8 20. Rc1 Nxa5 21. Qxa5 b4 22. c5 Nd5 23. Nc4 Bg6 24. exd5 Qxa5 25. Nxa5 Rxd5 26. g4 Bxf5 27. gxf5 Bxc5+ 28. Kh1 Be3 29. Nxc6 Bxc1 30. Ne7+ Kf8 31. Nxd5 Bxb2 32. Nxb4 Rd8 33. Nc6 Rd7 34. f4 exf4 35. Rxf4 Ba3 36. Rd4 Rxd4 37. Nxd4 Ke7 38. Nc6+ Kf6 39. Be4 Bc5 40. Kg2 g6 41. Kf3 gxf5 42. Bd5 Bb6 43. a4 h6 44. h4 Bc5 45. Ke2 Bb6 46. a5 Bg1 47. Kd3 f4 48. Ke4 1-0

[Event "EU-chT (Men) 14th"]
[Site "Plovdiv"]
[Date "2003.10.12"]
[Round "2.1"]
[White "Damljanovic, Branko"]
[Black "Navara, David"]
[Result "1-0"]
[WhiteElo "2589"]
[BlackElo "2607"]
[PlyCount "53"]
[EventDate "2003.10.10"]
[EventType "team-swiss"]
[EventRounds "9"]
[EventCountry "BUL"]
[SourceTitle "CBM 098"]
[Source "ChessBase"]
[SourceDate "2004.02.03"]
[SourceVersion "1"]
[SourceVersionDate "2004.02.03"]
[SourceQuality "1"]
[WhiteTeam "Serbia & Montenegro"]
[BlackTeam "Czech Republic"]
[WhiteTeamCountry "YUG"]
[BlackTeamCountry "CSR"]

1. e4 c5 2. Nf3 e6 3. d3 Nc6 4. g3 Nge7 5. Bg2 g6 6. O-O Bg7 7. Re1 O-O 8. c3 e5 9. a3 d6 10. b4 Qc7 ({RR} 10... Be6 11. b5 Nb8 12. c4 h6 13. Nc3 Nd7 14. Nd5 a6 15. Rb1 axb5 16. Rxb5 b6 17. Qb3 Ra6 18. Bd2 Nc6 19. Rb1 Na7 20. Bc3 Nxb5 21. cxb5 Bxd5 22. exd5 c4 23. Qxc4 Rxa3 24. Bb4 Ra4 25. Qb3 {Carlsen,M (2832)-Grischuk,A (2750) Chess.com INT 2017 ½-½ (39)}) ({RR} 10... cxb4 11. axb4 b5 12. Na3 Rb8 13. d4 exd4 14. Nxd4 a6 15. Nac2 a5 16. Bg5 f6 17. Be3 axb4 18. Nxc6 Nxc6 19. Qd5+ {1-0 (19) Makarian,R (2525)-Gleizerov,E (2378) Yekaterinburg RUS 2024}) ({RR} 10... b6 11. Nbd2 h6 12. Bb2 Be6 13. Rc1 Qd7 14. Nb3 f5 15. exf5 Nxf5 16. d4 c4 17. d5 cxb3 18. dxe6 Qxe6 19. Nxe5 Nxe5 20. Bd5 Rae8 21. Bxe6+ Rxe6 22. f4 {1-0 (22) Miroshnichenko,E (2599)-Navara,D (2602) Antalya 2004}) 11. Bb2 b6 12. Nbd2 Bb7 $146 ({RR} 12... Ba6 13. Nf1 Rad8 14. Rc1 Qd7 15. Ne3 Bb7 16. h4 h6 17. h5 Bc8 18. Nh4 Bf6 19. Qf3 Bg5 20. Rcd1 Qe6 21. Nd5 Qg4 22. Nf6+ Bxf6 23. Qxf6 Qg5 24. Qxg5 hxg5 25. Nf3 g4 26. Nh4 gxh5 27. Bc1 {Strikovic,A (2465)-Gonzalez Coto,J La Coruna 1993 1-0 (48)}) 13. Qb3 Kh8 14. d4 cxd4 15. cxd4 Nxd4 16. Nxd4 exd4 17. Rac1 Qd7 18. Nf3 d5 19. Bxd4 dxe4 20. Bxg7+ Kxg7 21. Qb2+ f6 22. Ng5 Rac8 23. Rcd1 Qg4 24. h4 Kh6 25. Bh3 Qh5 26. Bxc8 Bxc8 27. Nxe4 1-0

[Event "RUS-Cup 300 years"]
[Site "St Petersburg"]
[Date "2003.10.23"]
[Round "6"]
[White "Sambuev, Bator"]
[Black "Kornev, Alexei"]
[Result "1-0"]
[WhiteElo "2507"]
[BlackElo "2561"]
[PlyCount "71"]
[EventDate "2003.10.18"]
[EventType "swiss"]
[EventRounds "9"]
[EventCountry "RUS"]
[SourceTitle "EXT 2004"]
[Source "ChessBase"]
[SourceDate "2003.11.25"]
[SourceVersion "1"]
[SourceVersionDate "2003.11.25"]
[SourceQuality "1"]

1. Nf3 {RR} d5 2. c4 d4 3. g3 g6 4. Bg2 Bg7 5. O-O Nf6 ({RR} 5... c5 6. e3 Nc6 7. exd4 cxd4 8. d3 Nf6 9. a3 ({RR} 9. Re1 Nd7 10. Nbd2 O-O 11. Ne4 h6 12. a3 a5 13. Rb1 a4 14. Nh4 Kh7 15. f4 f5 16. Nf2 e5 17. Nf3 Re8 18. b4 axb3 19. Rxb3 exf4 20. Bxf4 Nc5 21. Rb5 b6 22. Nd2 Bd7 23. Rxe8 Bxe8) 9... a5 10. Re1 O-O 11. Nbd2 Bf5 12. Qc2 Rc8 13. Rb1 Re8 ({RR} 13... b5 14. Nh4 Be6 15. Rxe6 fxe6 16. cxb5 Ne5 17. Qb3 Qd7 18. Ne4 a4 19. Qxa4 Nxd3 20. Qd1 Nxe4 21. Bxe4 Nxf2) 14. b4 axb4 15. axb4 b5 16. Nh4 Bd7 17. Qb3 e5 18. Nhf3 e4 19. dxe4 bxc4 20. Qxc4 {Bachmann,A (2601)-Li,C (2728) Cappelle la Grande 2015 EXT 2016 [RR] ½-½}) 6. d3 c5 ({RR} 6... O-O 7. e3 dxe3 8. fxe3 Nc6 9. Nc3 e5 10. d4 Bg4 11. dxe5 Nd7 12. h3 Be6 13. Qe2 Ndxe5 14. Rd1 Qc8 15. Nxe5 Nxe5 16. Nd5 Re8 17. Qf1 c6 18. Nf4 Nxc4 19. Rb1 Bf5 20. e4 Bxe4 21. Bxe4 {Bilych,O (2435)-Adewumi,T (2349) New York USA 2024 0-1 (58)}) 7. b4 cxb4 8. a3 $146 ({RR} 8. Qa4+ Bd7 9. Qxb4 Nc6 10. Qa3 O-O 11. Nbd2 e5 12. Rb1 Qc7 13. Ng5 Rad8 14. c5 Bc8 15. Nc4 Nd5 16. Bd2 Nc3 17. Bxc3 dxc3 18. Ne4 c2 19. Rbc1 Nd4 20. Rfe1 f5 21. Ned6 f4 22. Qxa7 f3 {Vilchenkov,N (2237)-Shadrina,T (2342) Serpukhov 2003 1-0 (46)}) 8... b3 9. Nbd2 Nc6 10. Nxb3 O-O 11. a4 e5 12. Nfd2 Re8 13. a5 a6 14. Ba3 Qc7 15. Qc2 Bf5 16. Nc5 Nxa5 17. Rfb1 Rab8 18. Qa4 Bf8 19. Nce4 Bxe4 20. Nxe4 Nxe4 21. Bxe4 b5 22. cxb5 axb5 23. Rxb5 Rxb5 24. Qxb5 Rb8 25. Qa4 Nb3 26. Ra2 Bxa3 27. Qxa3 Nc1 28. Rb2 Rxb2 29. Qxb2 Kg7 30. Bd5 Qc3 31. Qb7 Nxe2+ 32. Kg2 Qc5 33. Qxf7+ Kh6 34. h4 Nc3 35. Be6 Ne2 36. Kf1 1-0